| 000 | 01020nam a22002057a 4500 | ||
|---|---|---|---|
| 005 | 20240808124554.0 | ||
| 010 | _aB-760183 CH-HN | ||
| 020 |
_c80.00 _a9789354099946 |
||
| 035 | _aB-760183 | ||
| 037 | _bउपहार | ||
| 082 | _a821 | ||
| 100 |
_aदिविक रमेश _969739 |
||
| 245 |
_aअगर ढोल मैं होताःबाल कविता- संग्रह / _cदिविक रमेश; सीमा द्वारा संपादित |
||
| 260 |
_aनई दिल्ली _bप्रकाशन विभाग _c2023 |
||
| 270 |
_aसूचना और प्रसारण मंत्रालय _bनई दिल्ली |
||
| 300 |
_a38 पृ. _c24 सेमी (अजिल्द) _bसचित्र |
||
| 700 |
_aसीमा द्वारा _969740 |
||
| 942 |
_2ddc _cCH _h821 _mदिविक |
||
| 999 |
_c204956 _d204956 |
||